| 000 | 00546pab a2200217 454500 | ||
|---|---|---|---|
| 008 | 180718b2010 xxu||||| |||| 00| 0 eng d | ||
| 100 | _aStiefel, Leanna | ||
| 245 | _aAge of entry and the high school performance of immigrant youth | ||
| 260 | _c2010 | ||
| 300 | _ap.303-314. | ||
| 362 | _aMay | ||
| 650 | _aAcademic achievement | ||
| 650 | _aSchools | ||
| 650 | _aYouth | ||
| 650 | _aImmigrants | ||
| 700 | _aConger, Dylan | ||
| 700 | _aSchwartz, Amy Ellen | ||
| 773 | _aJournal of Urban Economics | ||
| 908 | _aN | ||
| 909 | _a90588 | ||
| 999 |
_c90588 _d90588 |
||